000 00643nam a22002177a 4500
003 OSt
008 260627b |||||||| |||| 00| 0 eng d
020 _a9780128230435
082 _a519.5
_bM69S
100 _aMohr, Donna L.
245 _aStatistical Methods/ by Donna L. Mohr, William J. Wilson, Rudolf J. Freund
250 _a4th. ed.
260 _aLondon :
_bAcademic Press,
_c2022.
300 _axx, 754 p.
650 _aNatural sciences & mathematics
650 _aProbabilities & applied mathematics
650 _aMathematical statistics
700 _aWilson, William J.
700 _aFreund, Rudolf J.
942 _2ddc
_cBK
999 _c52376
_d52376